| 000 | 00501nam a2200121Ia 4500 | ||
|---|---|---|---|
| 008 | 220615s9999||||xx |||||||||||||| ||und|| | ||
| 100 | _aFloridi, Luciano | ||
| 245 | 4 | _aThe Onlife Manifesto: Being Human in a Hyperconnected Era | |
| 546 | _aEnglish[eng] | ||
| 650 | _aPhilosophy of Technology||R & D/Technology Policy||Media Sociology | ||
| 856 | _uhttps://library.oapen.org/bitstream/20.500.12657/28025/1/1001971.pdf||https://library.oapen.org/bitstream/20.500.12657/28025/1/1001971.pdf | ||
| 942 | _cEB | ||
| 999 |
_c16002 _d16002 |
||